| 000 | 00635nam a22002537a 4500 | ||
|---|---|---|---|
| 003 | UA-OsUOA | ||
| 001 | 22279 | ||
| 007 | ta | ||
| 008 | 20031218b un ||||| |||| 00| 0 ukr d | ||
| 100 | _aЛакосина Н .Д. | ||
| 700 | _aУшаков Г. К. | ||
| 090 |
_a159.92 _bЛ19 |
||
| 942 | _cBK | ||
| 040 |
_aUA-OsUOA _brus _cUA-OsUOA _dUA-OsUOA |
||
| 245 | _aУчебное пособие по медицинской психологии | ||
| 300 | _a320 с. | ||
| 955 | _a0 | ||
| 041 | _arus | ||
| 080 | _a159.92 | ||
| 260 |
_aМосква _bМедицина _c1976 |
||
| 044 | _aRU | ||
| 650 | 7 | _2UDC | |
| 999 |
_c308495 _d308495 |
||